| 000 | 00376nam a2200121Ia 4500 | ||
|---|---|---|---|
| 005 | 20210429153909.0 | ||
| 008 | 210429s9999 xx 000 0 und d | ||
| 082 | _a620.110 B297D | ||
| 100 |
_aMuhammad Arshad Bashir. _955061 |
||
| 245 | _aDevelopment of Elastomeric Anxetic Structures for Impact Energy Absorption with CD (PhD-2016 | ||
| 300 | _a113p.29cm. | ||
| 942 |
_2ddc _cTH |
||
| 999 |
_c561066 _d561066 |
||